000 00306 a2200121 4500
001 157396
040 _cEscola São Tomás de Aquino
100 _aMACHADO, Ana Maria
240 1 0 _aHistórias à brasileira
_lpor
245 1 0 _aHistórias à brasileira
697 _a*LITERATURA INFANTO JUVENIL
942 _cBK
999 _c157396
_d157396